000 00750cab a2200241 4500
001 WB2916-31
008 090401t1993 xxu||||| |||| 00| 0 eng d
035 _a(Sirsi) u11828
041 _aeng
245 _aFreeze on business rate
260 _c1993
350 _a0
490 _aFinancial Times
_v28 April 1993, 11(1)
520 _aThe Non-domestic Rating Bill, freezes the business rate for a second year, saving business £350m. Appeals against the 1990 revaluation should all be dealt with by the end of the financial year.
650 _aBUSINESS RATES
650 _aRATING APPEALS
650 _aSTATISTICS
650 _aTRANSITIONAL RELIEF
650 _aUBR
690 _aRATING AND VALUATION
942 _n0
948 _c04/03/1997
999 _c7553
_d7553